000 00509nam a2200229Ia 4500
005 20250425162203.0
008 250425s9999 xx 000 0 und d
020 _a9875222364
041 _aspa
043 _aag
082 _a641.6
100 _aGRANT, ANGELA
245 0 _aCOCINA AMERICANA
250 _a1A ED.
260 _aArgentina
_bVISOR
_c2002
260 _aBUENOS AIRES
300 _a79
650 _aAMERICA DEL NORTE
650 _aRECETAS DE COCINA
942 _c01
010 _a54876
999 _c224097
_d224097